00758 2200169 4500245009700000020002200097250001100119100001500130650001900145005001900164260004600183041001400229084001000243300002700253500029900280336000900579 aCara Efektif Membangun Keberanian dan Rasa Percaya Diri Putra - Putri AndacJanet HallhText a978-979-056-002-4 aCet. 1 aJanet Hall aIlmu Parenting a20240508091340 aTangerangbIntimedia Ciptanusantarac2013 aIndonesia a649.1 avi, 128 hlm. :c21 cm. aBuku ini dilengkapi contoh-contoh bagaimana cara mendongeng, bermain imajinasi, berkreasi bebas, dan memeberi ruang pengembangan diri bagi anak secara bebas.Berbagai dongeng akan menjadi contoh keteladanan bagi putra-putri anda,dan mengasah rasa seni serta keberanian putra-putri anda berkreasi atext